00440nam a2200169Ia 4500003000900000008004100009020001800050040001600068080001900084100002000103245004200123260004000165300001400205490002500219650001400244650001200258IN-BaIIA211028s9999 xx 000 0 eng d a81-7371-017-1 cIIA Library a[8]:01:00bVEN aVenkataraman, G 0aSaha and his formulacG. Venkataraman aHyderabadbUniversities Pressc1997 aix, 194p. aVignettes in physics aBiography aPhysics